| 000 | 00776cab a2200253 4500 | ||
|---|---|---|---|
| 001 | WB3446-53 | ||
| 008 | 090401t1998 xxu||||| |||| 00| 0 eng d | ||
| 035 | _a(Sirsi) u90107 | ||
| 041 | _aeng | ||
| 245 | _aEX miners offered £350m package | ||
| 260 | _c1998 | ||
| 350 | _a0 | ||
| 490 |
_aTimes _v2 December 1998, 10 |
||
| 490 |
_aDaily Telegraph _v2 December 1998, 15(2) |
||
| 520 | _aGovernment has offered struggling former mining communities a £350m aid package over the next three years to help revitalise the areas. | ||
| 650 | _aCOALFIELD AREAS | ||
| 650 | _aCOALFIELDS REGENERATION TRUST | ||
| 650 | _aMINING COMMUNITIES | ||
| 650 | _aSOCIAL PROBLEMS | ||
| 650 | _aURBAN REGENERATION | ||
| 690 | _aURBAN RENEWAL | ||
| 942 | _n0 | ||
| 948 | _c02/12/1998 | ||
| 999 |
_c57075 _d57075 |
||